| 000 | 01123cam a22002891 4500 | ||
|---|---|---|---|
| 001 | gs 41000128 | ||
| 003 | DLC | ||
| 005 | 20260227111347.0 | ||
| 008 | 720309s1940 oncb b f000 0 eng | ||
| 010 | _ags 41000128 | ||
| 035 | _a(OCoLC)259833 | ||
| 040 |
_aDLC _cOAkU _dNSbSU _dDLC |
||
| 042 | _apremarc | ||
| 050 | 0 | 0 |
_aQE185 _b.A2 no. 224 |
| 100 | 1 |
_aCaley, John Fletcher, _d1905- |
|
| 245 | 1 | 0 |
_aPalaeozoic geology of the Toronto-Hamilton area, Ontario, _cby J.F. Caley. |
| 260 |
_aOttawa, _bJ.O. Patenaude, printer to the King, _c1940. |
||
| 300 |
_aiv, 284 p. _bincl. tables. 2 fold. maps (in pocket) _c25 cm. |
||
| 490 | 1 |
_aGeological Survey of Canada. Memoir _v224 |
|
| 500 | _aAt head of title: Canada. Department of mines and resources. Mines and geology branch. Bureau of geology and topography. Geological survey. | ||
| 500 | _aIn lower right corner of t.p.: No.2456. | ||
| 504 | _aBibliography: p. 5-6. | ||
| 650 | 0 |
_aGeology _zOntario. |
|
| 650 | 0 |
_aGeology, Stratigraphic _yPaleozoic. |
|
| 650 | 0 |
_aMines and mineral resources _zOntario. |
|
| 830 | 0 |
_aMemoir (Geological Survey of Canada) ; _v224 |
|
| 999 |
_c27735 _d27735 |
||